Penja't una medalla!
Descripción Física:
1 punt de llibre : il·lustracions ; 20 x 7 cm
Materias:
Penja't una medalla -- campanya
; Esports -- Barcelona (Catalunya : Província)
; Punts de llibre
Idioma:
Catalán
MARC
| LEADER | 00000nrm a22000007a 4500 | ||
|---|---|---|---|
| 001 | 25463 | ||
| 008 | 220512b spa||||| |||| 00| 0 cat d | ||
| 017 | |a DL B 9089-2016 | ||
| 080 | |a NBM-13-96 | ||
| 245 | |a Penja't una medalla! | ||
| 260 | |a Barcelona : |b Diputació de Barcelona, Gabinet de Premsa i Comunicació, |c 2016 | ||
| 300 | |a 1 punt de llibre : |b il·lustracions ; |c 20 x 7 cm | ||
| 610 | 0 | |9 52897 |a Penja't una medalla |e campanya | |
| 650 | 0 | |a Esports |z Barcelona (Catalunya : Província) |9 34361 | |
| 655 | 0 | |a Punts de llibre |9 52700 | |
| 710 | 1 | |a Barcelona (Catalunya : Província). |b Gabinet de Premsa i Comunicació |9 51838 | |
| 942 | |2 udc |c ARXIU |n 1 | ||
| 952 | |0 0 |1 0 |4 0 |6 NBM1396 |7 1 |9 61646 |a Arxiu |b Arxiu |d 2022-05-12 |l 0 |o NBM-13-96 |p 25463 |r 2022-05-12 00:00:00 |w 2022-05-12 |y ARXIU | ||
| 999 | |c 81544 |d 81544 | ||